| 000 | 00949cam a2200277 a 4500 | ||
|---|---|---|---|
| 999 |
_c65408 _d65382 |
||
| 001 | 988196 | ||
| 003 | OSt | ||
| 005 | 20180725165136.0 | ||
| 008 | 860403s1986 ctuabcf b 001 0beng | ||
| 010 | _a 86009135 | ||
| 020 | _a0300033850 | ||
| 040 |
_aDLC _cDLC _dDLC |
||
| 043 | _af-sj--- | ||
| 050 | 0 | 0 |
_aDT156.7.M35 _bD46 1986 |
| 082 | 0 | 0 |
_a962.8/03/0924 _aB _219 |
| 100 | 1 |
_aDeng, Francis Mading, _d1938- _946200 |
|
| 245 | 1 | 4 |
_aThe man called Deng Majok : _ba biography of power, polygyny, and change / _cFrancis Mading Deng. |
| 260 |
_aNew Haven : _bYale University Press, _cc1986. |
||
| 300 |
_axvi, 294 p., [8] p. of plates : _bill., maps, ports. ; _c25 cm. |
||
| 504 | _aIncludes bibliographical references and index. | ||
| 600 | 1 | 0 |
_aMajok, Deng, _d1900-1969. _946597 |
| 650 | 0 |
_aDinka (African people) _xBiography. _946598 |
|
| 651 | 0 |
_aSudan _xBiography. _946599 |
|
| 906 |
_a7 _bcbc _corignew _d1 _eocip _f19 _gy-gencatlg |
||
| 942 |
_2lcc _cS |
||